| Tag |
First Indicator |
Second Indicator |
Subfields |
| LEADER |
00000cam a2200000Ia 4500 |
| 001 |
in00002245751 |
| 005 |
20151105060159.0 |
| 008 |
070315s2007 nyuaf b 001 0 eng d |
| 020 |
|
|
|a 9780061142567 :
|c $24.95
|
| 020 |
|
|
|a 0061142565 :
|c $24.95
|
| 029 |
1 |
|
|a YDXCP
|b 2500625
|
| 035 |
|
|
|a (OCoLC)ocn123119685
|
| 035 |
|
|
|a (OCoLC)123119685
|
| 040 |
|
|
|a BTCTA
|c BTCTA
|d BAKER
|d OCO
|d YDXCP
|d BUR
|d SUC
|d UtOrBLW
|
| 043 |
|
|
|a n-us---
|
| 049 |
|
|
|a TXAM
|
| 050 |
1 |
4 |
|a JC599.U5
|b R598 2007
|
| 082 |
0 |
4 |
|a 323.4/90973
|2 22
|
| 100 |
1 |
|
|a Romero, Anthony D.
|
| 245 |
1 |
0 |
|a In defense of our America :
|b the fight for civil liberties in the age of terror /
|c Anthony D. Romero and Dina Temple-Raston.
|
| 250 |
|
|
|a 1st ed.
|
| 264 |
|
1 |
|a New York :
|b William Morrow,
|c [2007]
|
| 264 |
|
4 |
|c ©2007
|
| 300 |
|
|
|a xvi, 252 pages, 16 unnumbered pages of plates :
|b illustrations ;
|c 24 cm.
|
| 336 |
|
|
|a text
|b txt
|2 rdacontent
|
| 337 |
|
|
|a unmediated
|b n
|2 rdamedia
|
| 338 |
|
|
|a volume
|b nc
|2 rdacarrier
|
| 504 |
|
|
|a Includes bibliographical references and index.
|
| 520 |
|
|
|a The executive director of the ACLU takes a critical look at civil liberties in this country at a time when constitutional freedoms are in peril. Using the stories of real Americans on the frontlines of the fight for civil liberties, this book examines the dangerous erosion of the Bill of Rights in the age of the War on Terror. Readers are taken behind the scenes of some important civil liberties cases, including: the National Security Agency's warrantless spying program; legal battles over the rights of individuals suspected of terrorism, such as John Walker Lindh (the "American Taliban"); South Dakota's attempts to place an outright ban on abortions in the face of an attempt to open an abortion clinic on an Indian reservation; a modern-day Scopes trial over "intelligent design" in Dover, Pennsylvania; and a gay teenager sentenced to 17 years for having consensual sex with a younger teenage boy.--From publisher description.
|
| 650 |
|
0 |
|a Civil rights
|z United States.
|
| 650 |
|
0 |
|a National security
|z United States.
|
| 650 |
|
0 |
|a Terrorism
|z United States
|x Prevention.
|
| 700 |
1 |
|
|a Temple-Raston, Dina.
|
| 938 |
|
|
|a Baker and Taylor
|b BTCP
|n bl2007006098
|
| 938 |
|
|
|a Baker & Taylor
|b BKTY
|c 24.95
|d 18.71
|i 0061142565
|n 0007026762
|s active
|
| 938 |
|
|
|a YBP Library Services
|b YANK
|n 2500625
|
| 945 |
|
|
|a PromptCat
|b 174812
|
| 946 |
|
|
|a stk
|
| 947 |
|
|
|a A14836167586
|
| 948 |
|
|
|a cataloged
|b h
|c 2007/7/11
|d c
|e dmartine
|f 6:33:29 pm
|
| 994 |
|
|
|a 92
|b TXA
|
| 999 |
|
|
|a MARS
|
| 999 |
f |
f |
|s fb511662-a9f4-3044-8af8-53b2f14716fc
|i 1a098d0a-9ca3-30a5-8a79-0eb51bdc13c8
|t 0
|
| 952 |
f |
f |
|p ric
|a Texas A&M University
|b Rellis Campus
|c Joint Library Facility
|d Remote Storage
|t 0
|e JC599.U5 R598 2007
|h Library of Congress classification
|i unmediated -- volume
|m A14836167586
|
| 998 |
f |
f |
|a JC599.U5 R598 2007
|t 0
|l Remote Storage
|